LEADER 01282nam a2200313 a 4500 001 000000121882 003 CaOOAMICUS 005 20140909114414.0 008 100521s1999 it u000 u ita r 020 $a88-15-07358-2 040 $aPUL$bita$dReb 041 1 $aita$hger 082 04$a909 100 1 $aMertens, Dieter.$0(OLS)http://pul/name/62916 240 10$aGeschichte der politischen ideen$lItaliano.$0(OLS)http://pul/title/153350 245 13$aIl pensiero politico medievale /$cDieter Mertens. 260 $aBologna :$bIl Mulino,$c©1999. 300 $a156 p. ;$c21 cm. 490 1 $aUniversale paperbacks Il Mulino ;$v368 504 $aBibliografia p. 135-150. 650 4$aMedioevo$xPolitica e governo.$0(OLS)http://pul/subject/10717 830 0$aUniversale paperbacks Il Mulino ;$v368.$0(OLS)http://pul/title/190 850 $aPUL 852 $aPUL$W1$xDP2 Filosofia 3$y112$m909 COLL 2.368$j139877$qDDC 21$B139070$CPULBib$Z2$F139070 $H113800 $82 941 1 $a9 996 $6020$a88-15-07358-2$9(OLS)http://pul/number/144319 996 $6082$a909$9(OLS)http://pul/classification/566 996 $6245$aIl pensiero politico medievale$9(OLS)http://pul/title/20706 996 $6260$aBologna :$bIl Mulino$9(OLS)http://pul/publisher/47928 LEADER 01367nam a2200313 a 4500 001 000000129788 003 CaOOAMICUS 005 20120724112059.0 008 120724s2012 it u000 u ita r 020 $a978-88-215-7523-5 040 $aPUL$bita 082 04$a200.1 100 1 $aMazzillo, Giovanni.$0(OLS)http://pul/name/31183 245 10$aDio sulle tracce dell'uomo :$bsaggio di teologia della rivelazione /$cGiovanni Mazzillo. 260 $aCinisello Balsamo :$bSan Paolo,$c2012. 300 $a319 p. ;$c21 cm 490 1 $aUniverso teologia.$aTeologia fondamentale ;$v99 504 $aInclude riferimenti bibliografici. 650 4$aRivelazione.$0(OLS)http://pul/subject/3064 650 4$aDio$xConoscibilità.$0(OLS)http://pul/subject/4852 830 0$aUniverso teologia.$pTeologia fondamentale ;$v99.$0(OLS)http://pul/title/74757 850 $aPUL 852 $aPUL$W1$xSL Religione 3$y85$m200. 1 MAZGI 2$j150247$qDDC 21$B148815$CPULBib$Z2$F148815 $H120578 $82 941 1 $a9 996 $6020$a978-88-215-7523-5$9(OLS)http://pul/number/150374 996 $6082$a200.1$9(OLS)http://pul/classification/547 996 $6245$aDio sulle tracce dell'uomo :$bsaggio di teologia della rivelazione$9(OLS)http://pul/title/164055 996 $6260$aCinisello Balsamo :$bSan Paolo$9(OLS)http://pul/publisher/54577